Prostriedky neinvestičných fondov sa nesmú použiť na podnikanie
Zákon NR SR č. 147/1997 Z.z. o neinvestičných fondoch. Charakteristika neinvestičného fondu. Zriadenie fondu. Hodnota vkladu zriaďovateľa. Vznik fondu. Orgány fondu a ich právomoci. Majetok fondu a jeho nadobúdanie. Použitie prostriedkov fondu.
Guardado en:
| Autor principal: | |
|---|---|
| Formato: | Capítulo de libro |
| Lenguaje: | eslovaco |
| Materias: | |
| Etiquetas: |
Sin Etiquetas, Sea el primero en etiquetar este registro!
|
MARC
| LEADER | 00000naa a2200000 4500 | ||
|---|---|---|---|
| 001 | r027103 | ||
| 005 | 20230921081119.2 | ||
| 041 | 0 | |a slo | |
| 044 | |a SK | ||
| 245 | 1 | 0 | |a Prostriedky neinvestičných fondov sa nesmú použiť na podnikanie |c J. Roháč |
| 520 | |a Zákon NR SR č. 147/1997 Z.z. o neinvestičných fondoch. Charakteristika neinvestičného fondu. Zriadenie fondu. Hodnota vkladu zriaďovateľa. Vznik fondu. Orgány fondu a ich právomoci. Majetok fondu a jeho nadobúdanie. Použitie prostriedkov fondu. | ||
| 610 | 2 | 0 | |a fondy neinvestičné |
| 610 | 2 | 0 | |a podnikanie |
| 610 | 2 | 0 | |a zákony |
| 610 | 2 | 0 | |a Slovensko |
| 610 | 2 | 0 | |a 1997 |
| 100 | 1 | |a Roháč, J. | |